000 00404nam a2200145Ia 4500
008 230917s9999||||xx |||||||||||||| ||und||
040 _e89211
_aMAIN
041 _aEnglish
082 _a658.409 C35M
100 _aChakraborty, S K
245 0 _aManagerial effectiveness and quality of work life: Indian insights
260 _aNew Delhi
_bTata McGraw-Hill
_c2002
300 _axvi, 246 p.
942 _cBK
999 _c115863
_d115863